Efektívny životný štýl (Carpe diem)
Desatoro štýlu "Carpe diem". Filozofia Carpe diem.
Guardado en:
| Autor principal: | |
|---|---|
| Formato: | Capítulo de libro |
| Lenguaje: | eslovaco |
| Materias: | |
| Etiquetas: |
Sin Etiquetas, Sea el primero en etiquetar este registro!
|
MARC
| LEADER | 00000naa a2200000 4500 | ||
|---|---|---|---|
| 001 | 0224224 | ||
| 005 | 20231114112859.3 | ||
| 041 | 0 | |a slo | |
| 044 | |a SK | ||
| 245 | 1 | 0 | |a Efektívny životný štýl (Carpe diem) |c Emil Burák |
| 520 | |a Desatoro štýlu "Carpe diem". Filozofia Carpe diem. | ||
| 610 | 2 | 0 | |a podnikatelia |
| 610 | 2 | 0 | |a štýl životný |
| 610 | 2 | 0 | |a kvalita života |
| 100 | 1 | |a Burák, Emil | |